000 00510nam a2200181Ia 4500
008 100917s9999 xx 000 0 und d
082 _b55608
100 _aबोरकर कमलाकर
245 _aहर हर महादेव
260 _bत्रदिल प्रकाशन
_c1982
300 _a75
365 _b6
520 _aनाटक
630 _aहर हर महादेव
650 _aनाटक
730 _aहर हर महादेव
942 _cBOOK
999 _c661002
_d660999